000 00261nam a2200109Ia 4500
005 20251222152013.0
008 251222s9999||||xx |||||||||||||| ||spa||
020 _a9972-02-127-0
082 _aREF.423/D92
245 0 _aDiccionario visual: 5 idiomas
942 _cLIB
999 _c24977
_d24977